000 00341pab a2200145 454500
008 180718b1987 xxu||||| |||| 00| 0 eng d
100 _aNagarajan, N.V.
245 _aA case for rural industrialisation
260 _c1987
300 _a388-90
362 _aJune
650 _aIndustry, Rural
773 _aKhadi Gramodyog
909 _a10639
999 _c10639
_d10639